| 000 | 00845cam a2200301 i 4500 | ||
|---|---|---|---|
| 001 | 200452943 | ||
| 999 |
_c200452943 _d71155 |
||
| 003 | TR-AnTOB | ||
| 005 | 20241106141335.0 | ||
| 007 | ta | ||
| 008 | 230417t20222022tu 00| 1 tur d | ||
| 020 | _a9789750756849 | ||
| 040 |
_aTR-AnTOB _beng _erda _cMET. _dTR-AnTOB |
||
| 041 | 0 | _atur | |
| 050 | 1 | 4 |
_aPL248.S64 _bB37 2022 |
| 090 |
_aPL248.S64 _bB37 2022 |
||
| 100 | 1 |
_aSöğüt, Mine _d1968- _9109884 |
|
| 245 | 1 | 0 |
_aBaşkalarının tanrısı / _cMine Söğüt. |
| 250 | _a1. basım: Nisan 2022 | ||
| 264 | 1 |
_aİstanbul: _bCan Yayınları, _c2022. |
|
| 264 | 4 | _c©2022 | |
| 300 |
_a157 pages ; _c19 cm |
||
| 336 |
_atext _btxt _2rdacontent |
||
| 337 |
_aunmediated _bn _2rdamedia |
||
| 338 |
_avolume _bnc _2rdacarrier |
||
| 650 | 7 |
_aTürk romanı _2etuturkob _99421 |
|
| 942 |
_2lcc _cBK |
||